000 00857nam a22002777a 4500
001 00011103
003 DO-SdBNP
005 20231002094557.0
007 0011103
008 160622b 1998 sp 00| 0 spa d
020 _a8420483699
040 _aBPMSU
_bspa
_cBPMSU
082 4 _a920.02
_bC11v 1998
_222
092 _a
_b
100 1 _aCabrera Infante, Guillermo
_d1929-2005.
_q
245 1 0 _aVidas para leerlas /
_cGuillermo Cabrera Infante
260 _bAlfaguara,
_aMadrid :
_c1998.
300 _a294 p. ;
_c24 cm.
490 0 _aExtra Alfaguara.
500 _aIncluye datos biográficos del autor en la solapa de la cubierta.
500 _aIncluye referencias bibliogràficas y notas al pie de las páginas
590 _aInventariado, 2023/VM
650 4 _aBiografías
_y
_v
910 _aVMateo V. Control de calidad, BPMSU
942 _2ddc
_cBK
999 _c10505
_d10505